El proceso de integración Argentina- Brasil en el contexto latinoamericano (Registro nro. 6347)
[ vista simple ]
| 000 -LEADER | |
|---|---|
| fixed length control field | 01238 a2200217 4500 |
| 001 - CONTROL NUMBER | |
| control field | 57964 |
| 005 - DATE AND TIME OF LATEST TRANSACTION | |
| control field | 20260407155839.0 |
| 008 - FIXED-LENGTH DATA ELEMENTS--GENERAL INFORMATION | |
| fixed length control field | 260407a1987 arg spa d |
| 003 - CONTROL NUMBER IDENTIFIER | |
| control field | AR-UNSa-BCEJYS |
| 040 ## - CATALOGING SOURCE | |
| Original cataloging agency | AR-UNSa-BCEJYS |
| Language of cataloging | spa |
| Transcribing agency | AR-UNSa-BCEJYS |
| 080 ## - UNIVERSAL DECIMAL CLASSIFICATION NUMBER | |
| Universal Decimal Classification number | 332.1 |
| Common auxiliary subdivision | Economía regional. Economía territorial |
| 100 1# - MAIN ENTRY--PERSONAL NAME | |
| Personal name | Dudiuk, Pedro |
| 245 10 - TITLE STATEMENT | |
| Title | El proceso de integración Argentina- Brasil en el contexto latinoamericano |
| 264 #1 - PRODUCTION, PUBLICATION, DISTRIBUTION, MANUFACTURE, AND COPYRIGHT NOTICE | |
| Place of production, publication, distribution, manufacture | Buenos Aires : |
| Name of producer, publisher, distributor, manufacturer | Fundación Friedrich Ebert |
| Date of production, publication, distribution, manufacture, or copyright notice | 1987 |
| 300 ## - PHYSICAL DESCRIPTION | |
| Extent | 31 p. |
| Dimensions | 21 cm. |
| 505 ## - FORMATTED CONTENTS NOTE | |
| Formatted contents note | Parte I : introducción / Parte II : antecedentes - 1. La marcha de la integración regional - 2. La relación institucional - 3. El comercio internacional - 4. La relación bilateral / Parte III : el acta de integración - 1. El protocolo de bienes de capital - 2. El protocolo - 3. Evolución del intercambio de bienes de capital - 3. Potencial del intercambio de bienes de capital - 4. Protocolo de asuntos financieros - 5. Fondo de inversiones - 6. Protocolo de empresas binacionales - 6. Protocolo de expansión del comercio / Parte IV : pasos a dar en la integración |
| 590 ## - LOCAL NOTE (RLIN) | |
| Local note | niveau_biblio:m niveau_hierar:0 |
| 700 1# - ADDED ENTRY--PERSONAL NAME | |
| Personal name | Preiss, Osvaldo |
| 700 1# - ADDED ENTRY--PERSONAL NAME | |
| Personal name | Salerno, Horacio |
| 942 ## - ADDED ENTRY ELEMENTS (KOHA) | |
| Koha item type | |
| Withdrawn status | Lost status | Damaged status | Not for loan | Home library | Current library | Shelving location | Date acquired | Total checkouts | Full call number | Barcode | Date last seen | Price effective from | Koha item type |
|---|---|---|---|---|---|---|---|---|---|---|---|---|---|
| Biblioteca Prof. Eusebio Cleto del Rey | Biblioteca Prof. Eusebio Cleto del Rey | 07/04/2026 | 332.1 D846 | L53003 | 07/04/2026 | 07/04/2026 | Libro |